[Event "DEM U10/U10w 2006"]
[Site "Willingen GER"]
[Date "2006.06.05"]
[Round "4"]
[White "Galkin, Wladislaw"]
[Black "Möhn, Hans"]
[Result "1-0"]
[Termination "normal"]
[Board "1"]
[WhiteElo "1457"]
[BlackElo "1580"]
[PlyCount "133"]
[WhiteFideId "4603192"]
[BlackFideId "24647837"]
[EventCountry "GER"]
[EventRounds "11"]
[EventType "swiss"]
[EventDate "2006.06.03"]

1. d4 Nf6 2. c4 g6 3. Nc3 Bg7 4. e4 d6 5. Be2 O-O 6. Bg5 Nbd7 7. Qd2 e5 8. d5
a5 9. g4 Nc5 10. f3 Qd7 11. h4 Ne8 12. h5 f6 13. Be3 g5 14. Nh3 h6 15. O-O-O
Qe7 16. Nf2 Bd7 17. Kb1 b6 18. Rc1 Ba4 19. Bxc5 dxc5 20. Nxa4 Nd6 21. Nc3 Rfb8
22. Nb5 Qd7 23. Rhd1 Bf8 24. Qc3 Nxb5 25. cxb5 Bd6 26. b3 Kf8 27. Rc2 Ke7 28.
Nh1 Kf7 29. Ng3 Kg7 30. Nf5+ Kh7 31. Nxd6 cxd6 32. a3 Ra7 33. b4 Kg7 34. bxc5
bxc5 35. b6 Kf7 36. Rb2 Raa8 37. Bb5 Qd8 38. Bc6 Ra6 39. b7 Qc7 40. Qd3 Ra7 41.
Qb5 Ke7 42. Qb6 Qxb6 43. Rxb6 Kd8 44. Rc1 Kc7 45. Rb5 Ra6 46. Rc4 Rxc6 47. dxc6
Kxc6 48. Rb2 d5 49. exd5+ Kxd5 50. Ra4 f5 51. gxf5 g4 52. fxg4 e4 53. Rxa5 e3
54. Ra8 e2 55. Rxe2 Rxb7+ 56. Kc1 Rg7 57. f6 Rf7 58. Ra6 c4 59. Re7 Rf8 60. f7
c3 61. Raa7 Rb8 62. Re8 Rb1+ 63. Kxb1 c2+ 64. Kxc2 Kc4 65. f8=Q Kd5 66. Rc7 Kd4
67. Qd6# 1-0

[Event "DEM U10/U10w 2006"]
[Site "Willingen GER"]
[Date "2006.06.05"]
[Round "4"]
[White "Abdelrasek, Ahmed"]
[Black "Große, Christian"]
[Result "1-0"]
[Termination "normal"]
[Board "2"]
[WhiteElo "1418"]
[BlackElo "1552"]
[PlyCount "99"]
[BlackFideId "24646156"]
[EventCountry "GER"]
[EventRounds "11"]
[EventType "swiss"]
[EventDate "2006.06.03"]

1. c4 e5 2. g3 d5 3. b3 c6 4. Bb2 Bd6 5. Bg2 Nf6 6. e3 O-O 7. Ne2 Re8 8. O-O
Bg4 9. h3 Bh5 10. g4 Bg6 11. f4 exf4 12. Nxf4 Bxf4 13. Rxf4 Ne4 14. Nc3 Nc5 15.
Bf1 Qg5 16. d4 Rxe3 17. Rf2 Nd3 18. Bxd3 Rxd3 19. Qe2 Na6 20. Re1 h6 21. Qe7
Qxe7 22. Rxe7 Rb8 23. cxd5 cxd5 24. Nxd5 Rxh3 25. Nf4 Rg3+ 26. Rg2 Rxg2+ 27.
Kxg2 Be4+ 28. Rxe4 Nb4 29. d5 Na6 30. Bd4 Rd8 31. Bxa7 g5 32. Nh5 Kf8 33. Rd4
Ke7 34. Ng7 Kf6 35. Nf5 h5 36. Kg3 h4+ 37. Kh3 Ke5 38. d6 Rd7 39. a4 f6 40. Rd1
b6 41. Re1+ Kd5 42. Re7 Kc6 43. Rxd7 Kxd7 44. Bxb6 Nb4 45. Bc7 Na6 46. Nh6 Ke6
47. Ng8 Nb4 48. Nxf6 Kxf6 49. d7 Ke7 50. d8=Q+ 1-0

[Event "DEM U10/U10w 2006"]
[Site "Willingen GER"]
[Date "2006.06.05"]
[Round "4"]
[White "Weber, Clemens"]
[Black "Kyas, Philipp"]
[Result "0-1"]
[Termination "normal"]
[Board "3"]
[WhiteElo "1174"]
[BlackElo "1506"]
[PlyCount "106"]
[WhiteFideId "12927813"]
[BlackFideId "24670936"]
[EventCountry "GER"]
[EventRounds "11"]
[EventType "swiss"]
[EventDate "2006.06.03"]

1. e4 e5 2. Nf3 Nc6 3. Bc4 Bc5 4. c3 d6 5. d3 h6 6. O-O Nf6 7. Nbd2 O-O 8. Re1
Be6 9. Bb3 Re8 10. Nf1 d5 11. exd5 Bxd5 12. Ng3 Ng4 13. Be3 Nxe3 14. fxe3 Bb6
15. Rc1 Bxb3 16. axb3 Qe7 17. c4 Qb4 18. Qc2 Rad8 19. c5 Ba5 20. Red1 Qb5 21.
Qc4 Qxc4 22. bxc4 Nb4 23. Ra1 b6 24. d4 Nc2 25. Ra4 e4 26. Ne5 Rxe5 27. Rc1 Bd2
28. Rxc2 Bxe3+ 29. Kh1 Rxd4 30. Ra1 Rxc5 31. Re2 Bg5 32. Rxe4 Rxe4 33. Nxe4
Rxc4 34. Nxg5 hxg5 35. h3 a5 36. Rd1 Rb4 37. Rd8+ Kh7 38. Rd7 c5 39. Rxf7 Rxb2
40. Rf5 a4 41. Rxg5 a3 42. Rh5+ Kg6 43. Rd5 a2 44. Rd6+ Kh7 45. Rd1 Rb1 46.
Rxb1 axb1=Q+ 47. Kh2 c4 48. Kg3 Qf5 49. Kh2 c3 50. Kg3 c2 51. Kh2 c1=Q 52. h4
Qff4+ 53. Kh3 Qh1# 0-1

[Event "DEM U10/U10w 2006"]
[Site "Willingen GER"]
[Date "2006.06.05"]
[Round "4"]
[White "Noe, Christopher"]
[Black "Niedermayer, Julian Andi"]
[Result "1-0"]
[Termination "normal"]
[Board "4"]
[WhiteElo "1555"]
[BlackElo "1190"]
[PlyCount "123"]
[WhiteFideId "24692018"]
[BlackFideId "24600792"]
[EventCountry "GER"]
[EventRounds "11"]
[EventType "swiss"]
[EventDate "2006.06.03"]

1. e4 e5 2. Nf3 Nc6 3. Bc4 Bc5 4. Nc3 Nf6 5. d3 h6 6. h3 d6 7. Be3 Bb6 8. O-O
Be6 9. Bb3 Qd7 10. Kh2 g5 11. Nd5 Bxd5 12. exd5 Ne7 13. c4 g4 14. Nd2 h5 15.
Ba4 c6 16. Bg5 Qf5 17. Bxf6 Qxf6 18. Ne4 Qf4+ 19. g3 Qh6 20. dxc6 bxc6 21. Qc1
Qxc1 22. Raxc1 f5 23. Nxd6+ Kd7 24. Nf7 Rhf8 25. Nxe5+ Kd6 26. f4 Bd4 27. Rfe1
Bxb2 28. c5+ Kc7 29. Rc2 Bd4 30. Nxg4 Nd5 31. Ne5 Nb4 32. Rc4 Bxe5 33. Rxe5
Nxd3 34. Re7+ Kd8 35. Re6 Kd7 36. Rd6+ Kc7 37. Rxd3 Rae8 38. Rc2 Rd8 39. Rxd8
Rxd8 40. Kg2 Rd7 41. Kf2 Re7 42. Rd2 Re6 43. Rd6 Rxd6 44. cxd6+ Kxd6 45. Ke3
Kc5 46. a3 Kd5 47. Bb3+ Kd6 48. Kd3 Kc5 49. Be6 Kb5 50. Bxf5 Ka4 51. Bd7 Kxa3
52. Bxc6 Kb4 53. Kd4 a5 54. f5 a4 55. Bxa4 Kxa4 56. f6 Ka3 57. f7 Kb4 58. f8=Q+
Kb3 59. Qf3+ Kb4 60. Qb7+ Ka3 61. Kc3 Ka4 62. Qb4# 1-0

[Event "DEM U10/U10w 2006"]
[Site "Willingen GER"]
[Date "2006.06.05"]
[Round "4"]
[White "Nitsche-Hahn, Raphael"]
[Black "Günthner, Arthur"]
[Result "0-1"]
[Termination "normal"]
[Board "5"]
[WhiteElo "1392"]
[BlackElo "1674"]
[PlyCount "106"]
[WhiteFideId "4613120"]
[EventCountry "GER"]
[EventRounds "11"]
[EventType "swiss"]
[EventDate "2006.06.03"]

1. d4 d6 2. c4 e5 3. dxe5 dxe5 4. Qxd8+ Kxd8 5. b3 Na6 6. Bb2 f6 7. g3 Nb4 8.
Kd1 Bf5 9. Na3 c6 10. Bg2 Kc7 11. e4 Bg4+ 12. f3 Be6 13. Ke2 Rd8 14. Bh3 Bxh3
15. Nxh3 Nd3 16. Bc3 Bxa3 17. Rhd1 Nb4 18. Bxb4 Bxb4 19. f4 Bc3 20. Rac1 Rxd1
21. Rxd1 Ne7 22. a3 Rd8 23. Rc1 Bd4 24. fxe5 Bxe5 25. Rc2 Nc8 26. Nf2 Nd6 27.
a4 Nf7 28. Nd3 Re8 29. Nc5 Bd6 30. Nd3 Rxe4+ 31. Kf3 Ng5+ 32. Kg2 Re3 33. Nf2
Rxb3 34. c5 Be5 35. h4 Rxg3+ 36. Kf1 Nf7 37. a5 Rf3 38. a6 Bd4 39. Re2 Rxf2+
40. Rxf2 Bxf2 41. Kxf2 b5 42. cxb6+ Kxb6 43. h5 c5 44. h6 Nxh6 45. Ke2 f5 46.
Kd2 f4 47. Ke2 c4 48. Kf2 c3 49. Kg2 c2 50. Kh2 c1=Q 51. Kh3 Qg1 52. Kh4 Qg2
53. Kh5 Qg4# 0-1

[Event "DEM U10/U10w 2006"]
[Site "Willingen GER"]
[Date "2006.06.05"]
[Round "4"]
[White "Xu, Xianliang"]
[Black "Carmesin, Matthias"]
[Result "1-0"]
[Termination "normal"]
[Board "6"]
[WhiteElo "1542"]
[BlackElo "1379"]
[PlyCount "105"]
[WhiteFideId "4603230"]
[BlackFideId "4635965"]
[EventCountry "GER"]
[EventRounds "11"]
[EventType "swiss"]
[EventDate "2006.06.03"]

1. c4 e6 2. Nf3 d5 3. b3 c5 4. Bb2 Nc6 5. g3 Nf6 6. Bg2 d4 7. O-O Be7 8. d3 O-O
9. Nbd2 e5 10. Ng5 Nd7 11. Ngf3 f5 12. e3 Nf6 13. exd4 exd4 14. Qe2 Re8 15.
Rae1 Bd7 16. Qd1 Qc7 17. Nb1 Bd6 18. Na3 a6 19. Nc2 Ne5 20. Nxe5 Rxe5 21. Rxe5
Bxe5 22. Ne1 Bc6 23. Nf3 Bd6 24. Bc1 Re8 25. Re1 Re7 26. Bg5 Rxe1+ 27. Qxe1 Qe7
28. Qxe7 Bxe7 29. Ne5 Bxg2 30. Kxg2 Nd5 31. Bxe7 Nxe7 32. Nd7 Nc6 33. Nxc5 b6
34. Nxa6 Ne5 35. c5 b5 36. Nb4 Kf7 37. f4 Ng4 38. Nc6 Ne3+ 39. Kf3 Nc2 40. Ke2
Ke6 41. Kd2 Kd5 42. Ne7+ Ke6 43. Kxc2 Kxe7 44. b4 h6 45. Kb3 g5 46. a4 Kf6 47.
axb5 Kg6 48. b6 Kh5 49. b7 Kg4 50. b8=Q gxf4 51. Qxf4+ Kh3 52. g4 fxg4 53. Qg3#
1-0

[Event "DEM U10/U10w 2006"]
[Site "Willingen GER"]
[Date "2006.06.05"]
[Round "4"]
[White "Nöttling, Dominik"]
[Black "Plotkin, Alex"]
[Result "1-0"]
[Termination "normal"]
[Board "7"]
[WhiteElo "1503"]
[BlackElo "1364"]
[PlyCount "103"]
[WhiteFideId "24672807"]
[EventCountry "GER"]
[EventRounds "11"]
[EventType "swiss"]
[EventDate "2006.06.03"]

1. e4 e5 2. Bc4 Nf6 3. d3 Nc6 4. Nc3 Bb4 5. Nge2 O-O 6. O-O d6 7. Bg5 Be6 8. a3
Bc5 9. Kh1 Bxf2 10. Bxe6 fxe6 11. Rxf2 Ng4 12. Rxf8+ Qxf8 13. Qf1 Qxf1+ 14.
Rxf1 h6 15. Bh4 Ne3 16. Rc1 Rf8 17. h3 a6 18. Kg1 Nd4 19. Nxd4 exd4 20. Ne2 e5
21. c3 d5 22. cxd4 dxe4 23. dxe4 exd4 24. Nxd4 Re8 25. Bf2 Rxe4 26. Bxe3 Rxe3
27. Rxc7 Re5 28. Rxb7 Rd5 29. Nc6 Rc5 30. Rb6 a5 31. b3 Kf7 32. Ra6 Kf6 33.
Nxa5+ Kf5 34. Nc4 Kf4 35. Kf2 Ke4 36. Ra5 Rc7 37. Nd6+ Kd3 38. Rd5+ Kc2 39. b4
Kb2 40. Kf3 Kb3 41. Ke4 g6 42. Ra5 h5 43. b5 Rc5 44. b6 Rxa5 45. b7 Ka2 46.
b8=Q Rxa3 47. Nc4 Rb3 48. Qd6 g5 49. Qd5 g4 50. Nd2 gxh3 51. Qxb3+ Ka1 52. Qb1#
1-0

[Event "DEM U10/U10w 2006"]
[Site "Willingen GER"]
[Date "2006.06.05"]
[Round "4"]
[White "Bauer, Andreas"]
[Black "Scheel, Henrik"]
[Result "0-1"]
[Termination "normal"]
[Board "8"]
[WhiteElo "1438"]
[BlackElo "1173"]
[PlyCount "60"]
[WhiteFideId "4625030"]
[BlackFideId "24692115"]
[EventCountry "GER"]
[EventRounds "11"]
[EventType "swiss"]
[EventDate "2006.06.03"]

1. d4 d5 2. Nf3 Nf6 3. e3 Nc6 4. Nbd2 Bf5 5. Bd3 Bxd3 6. cxd3 e6 7. O-O Be7 8.
Ne5 Nxe5 9. dxe5 Nd7 10. d4 c5 11. b3 O-O 12. f4 f6 13. Qg4 Qb6 14. Rf3 cxd4
15. Rg3 Rf7 16. Nf1 fxe5 17. fxe5 Nxe5 18. Qh5 Ng6 19. Rh3 Nf8 20. Bd2 Bc5 21.
e4 dxe4 22. Ng3 d3+ 23. Kh1 e3 24. Ne4 e2 25. Rg1 Rf5 26. Ng5 Bxg1 27. Rf3 Rxf3
28. Nxf3 Be3 29. Bc3 Qc7 30. Bb2 Rc8 0-1

[Event "DEM U10/U10w 2006"]
[Site "Willingen GER"]
[Date "2006.06.05"]
[Round "4"]
[White "Sasse, Fabius"]
[Black "Osmanodja, Filiz"]
[Result "0-1"]
[Termination "normal"]
[Board "9"]
[WhiteElo "1337"]
[BlackElo "1609"]
[PlyCount "146"]
[WhiteFideId "24659657"]
[BlackFideId "24633569"]
[EventCountry "GER"]
[EventRounds "11"]
[EventType "swiss"]
[EventDate "2006.06.03"]

1. d4 Nf6 2. c4 c5 3. d5 b5 4. cxb5 a6 5. b6 g6 6. Nc3 d6 7. Nf3 Nbd7 8. e4 Bg7
9. Bd3 Nxb6 10. Be3 O-O 11. O-O Bd7 12. a3 Qc7 13. b3 Rfb8 14. Nd2 Ng4 15. Bg5
Bxc3 16. Rb1 Bf6 17. Bxf6 Nxf6 18. Qe2 Bb5 19. Nf3 Bxd3 20. Qxd3 Nbd7 21. Qc3
Nxe4 22. Qe3 Nef6 23. Qh6 Nxd5 24. Ng5 N5f6 25. Rbe1 Qd8 26. Re3 Qf8 27. Qh3 h5
28. Rfe1 e6 29. f3 Ne5 30. g4 hxg4 31. fxg4 Nexg4 32. Rf3 Kg7 33. Re4 Qh8 34.
Qxh8+ Rxh8 35. Re2 Rh5 36. Ne4 Nxe4 37. Rxe4 Nxh2 38. Rf2 Rah8 39. Ref4 Rg5+
40. Rg2 Rxg2+ 41. Kxg2 d5 42. Ra4 d4 43. Rc4 Rh5 44. b4 cxb4 45. axb4 d3 46.
Rd4 Rd5 47. Rxd5 exd5 48. Kf2 Ng4+ 49. Ke1 Ne5 50. Kd2 d4 51. Kd1 Kf6 52. Kd2
Kf5 53. Kd1 Ke4 54. Kd2 Nc4+ 55. Kd1 d2 56. b5 a5 57. b6 Nxb6 58. Ke2 d1=Q+ 59.
Kxd1 d3 60. Kd2 Nc4+ 61. Kd1 d2 62. Ke2 a4 63. Kd1 Ke3 64. Kc2 a3 65. Kc3 d1=Q
66. Kb4 Qd6+ 67. Ka4 Nb2+ 68. Kb3 Kd3 69. Ka2 Qd5+ 70. Kxa3 Qb7 71. Ka2 Kc3 72.
Ka1 Qb3 73. Kb1 Nc4+ 0-1

[Event "DEM U10/U10w 2006"]
[Site "Willingen GER"]
[Date "2006.06.05"]
[Round "4"]
[White "Bokemaer, David"]
[Black "Lebeda, Timo"]
[Result "0-1"]
[Termination "normal"]
[Board "10"]
[WhiteElo "1222"]
[BlackElo "1496"]
[PlyCount "70"]
[BlackFideId "4638565"]
[EventCountry "GER"]
[EventRounds "11"]
[EventType "swiss"]
[EventDate "2006.06.03"]

1. e4 c5 2. Nf3 d6 3. Bc4 Nf6 4. d3 a6 5. O-O e6 6. a3 Qc7 7. Nc3 Be7 8. Be3 b5
9. Ba2 Bb7 10. Qd2 Nbd7 11. Bf4 O-O-O 12. Ng5 Rdf8 13. Bxe6 fxe6 14. Nxe6 Qb6
15. Nxf8 Rxf8 16. Qe3 h6 17. Qh3 Nxe4 18. dxe4 Rxf4 19. Qg3 Bg5 20. Qh3 Bxe4
21. Rae1 Qc6 22. Re2 Bf5 23. Qe3 Ne5 24. f3 Rxf3 25. Qxf3 Nxf3+ 26. Rxf3 Bg4
27. Rf8+ Kb7 28. Ree8 d5 29. Rf7+ Bd7 30. Rg8 Bf6 31. h3 Qe6 32. Rff8 Qe1+ 33.
Kh2 Be5+ 34. g3 Qxg3+ 35. Kh1 Qh2# 0-1

[Event "DEM U10/U10w 2006"]
[Site "Willingen GER"]
[Date "2006.06.05"]
[Round "4"]
[White "Blübaum, Matthias"]
[Black "Wagner, Dennis"]
[Result "0-1"]
[Termination "normal"]
[Board "11"]
[WhiteElo "1475"]
[BlackElo "1225"]
[PlyCount "74"]
[WhiteFideId "24651516"]
[BlackFideId "24650684"]
[EventCountry "GER"]
[EventRounds "11"]
[EventType "swiss"]
[EventDate "2006.06.03"]

1. d4 d5 2. c4 c6 3. Nc3 Nf6 4. e3 Nbd7 5. Nf3 e6 6. Bd3 dxc4 7. Bxc4 b5 8. Bd3
Bb7 9. O-O a6 10. a3 c5 11. b3 Qb6 12. Bb2 cxd4 13. exd4 Bd6 14. Qe2 O-O 15.
Rad1 Bc7 16. Ne4 Rac8 17. Rfe1 Nxe4 18. Bxe4 Bxe4 19. Qxe4 Nf6 20. Qe2 Rfd8 21.
Ne5 Rd5 22. Rd3 Rcd8 23. Red1 a5 24. Qf3 b4 25. a4 Qa6 26. Nc4 Bb6 27. Nxb6
Qxb6 28. Bc1 h6 29. Bxh6 Rxd4 30. Bg5 Rxd3 31. Rxd3 Rxd3 32. Qxd3 Nd5 33. g3
Qc5 34. Bd8 Qc1+ 35. Kg2 Qc6 36. Kh3 Qd7 37. Bxa5 Nf4+ 0-1

[Event "DEM U10/U10w 2006"]
[Site "Willingen GER"]
[Date "2006.06.05"]
[Round "4"]
[White "Grewenig, Jan"]
[Black "Powierski, Emil"]
[Result "1-0"]
[Termination "normal"]
[Board "12"]
[WhiteElo "1409"]
[BlackElo "1155"]
[PlyCount "37"]
[WhiteFideId "4657330"]
[BlackFideId "4656199"]
[EventCountry "GER"]
[EventRounds "11"]
[EventType "swiss"]
[EventDate "2006.06.03"]

1. e4 c5 2. Nf3 d6 3. d4 cxd4 4. Nxd4 Nf6 5. Nc3 a6 6. Be3 e5 7. Nb3 Be6 8. Bd3
Nbd7 9. O-O Be7 10. f4 Qc7 11. f5 Bc4 12. Nd2 Nb6 13. Kh1 Bxd3 14. cxd3 d5 15.
d4 dxe4 16. dxe5 Qxe5 17. Bxb6 Bd6 18. g3 h5 19. Nc4 1-0

[Event "DEM U10/U10w 2006"]
[Site "Willingen GER"]
[Date "2006.06.05"]
[Round "4"]
[White "Schreiber, Kevin"]
[Black "Müller, Georg"]
[Result "0-1"]
[Termination "normal"]
[Board "13"]
[WhiteElo "1156"]
[BlackElo "1402"]
[PlyCount "84"]
[WhiteFideId "24655830"]
[BlackFideId "24690210"]
[EventCountry "GER"]
[EventRounds "11"]
[EventType "swiss"]
[EventDate "2006.06.03"]

1. d4 d5 2. Nf3 e6 3. e3 Bd6 4. Bd3 f5 5. O-O Nf6 6. Ne5 Nbd7 7. f4 O-O 8. Qf3
Ne4 9. Qh5 Rf6 10. Nd2 Rh6 11. Qe2 Ndf6 12. Ndf3 Bd7 13. Bd2 Ng4 14. h3 Ngf6
15. Ng5 Be8 16. Nxe6 Qe7 17. Ng5 Ng3 18. Qf2 Nxf1 19. Rxf1 Ne4 20. Bxe4 fxe4
21. c4 c6 22. c5 Bxe5 23. fxe5 Bg6 24. Qf4 Rf8 25. Qxf8+ Qxf8 26. Rxf8+ Kxf8
27. g4 Be8 28. Be1 Rg6 29. h4 h6 30. Nh3 Rxg4+ 31. Kh2 b6 32. cxb6 axb6 33.
Bb4+ Kf7 34. Be1 c5 35. Bg3 cxd4 36. exd4 e3 37. Nf4 Bc6 38. Kg2 g5 39. Ne2
gxh4 40. Kf3 h5 41. Bh2 Bb5 42. Nc3 e2 0-1

[Event "DEM U10/U10w 2006"]
[Site "Willingen GER"]
[Date "2006.06.05"]
[Round "4"]
[White "Eigemann, Frederik"]
[Black "Toker, David"]
[Result "1/2-1/2"]
[Termination "normal"]
[Board "14"]
[WhiteElo "1372"]
[BlackElo "1118"]
[PlyCount "106"]
[WhiteFideId "24692034"]
[EventCountry "GER"]
[EventRounds "11"]
[EventType "swiss"]
[EventDate "2006.06.03"]

1. e4 c6 2. d4 d5 3. Nc3 dxe4 4. Nxe4 Nd7 5. Nf3 Ngf6 6. Ng3 g6 7. Bc4 Bg7 8.
O-O O-O 9. c3 Nb6 10. Bb3 Bg4 11. h3 Bxf3 12. Qxf3 Qc7 13. Bf4 Qd7 14. Rfe1
Nbd5 15. Bd2 Rfe8 16. Ne4 Nxe4 17. Rxe4 e6 18. Rae1 Ne7 19. Qe2 Nf5 20. Bf4
Rac8 21. Be5 Bxe5 22. Rxe5 Qc7 23. Ba4 b5 24. Bc2 Ng7 25. a4 a6 26. axb5 cxb5
27. Rc5 Qd6 28. Qe5 Qxe5 29. Rexe5 Red8 30. Be4 Ne8 31. Rxc8 Rxc8 32. Bb7 Rb8
33. Bf3 Nd6 34. Be2 Nc4 35. Bxc4 bxc4 36. Re2 Kf8 37. Kf1 Ke7 38. d5 Rb6 39.
dxe6 Rxe6 40. Ke1 Rxe2+ 41. Kxe2 Kd6 42. Kd2 Kd5 43. Ke3 a5 44. f4 f5 45. h4 h6
46. Kf3 Ke6 47. Ke3 Kd5 48. g3 h5 49. Kf3 Kc6 50. Ke2 Kd6 51. Ke3 Kd5 52. Kf3
Kc6 53. Ke3 Kc5 1/2-1/2

[Event "DEM U10/U10w 2006"]
[Site "Willingen GER"]
[Date "2006.06.05"]
[Round "4"]
[White "Volz, Alexander"]
[Black "Nelson, Philip"]
[Result "1/2-1/2"]
[Termination "normal"]
[Board "15"]
[WhiteElo "1366"]
[BlackElo "1103"]
[PlyCount "47"]
[WhiteFideId "4669126"]
[EventCountry "GER"]
[EventRounds "11"]
[EventType "swiss"]
[EventDate "2006.06.03"]

1. d4 d5 2. c4 e6 3. Nc3 Nf6 4. e3 Nbd7 5. Nf3 Be7 6. Bd3 dxc4 7. Bxc4 O-O 8.
Bd2 c5 9. dxc5 Bxc5 10. O-O b6 11. Qe2 Bb7 12. Rfd1 Qc8 13. Rac1 a6 14. a3 b5
15. Ba2 Qc6 16. b4 Bb6 17. Nd5 Qd6 18. Nxf6+ Nxf6 19. Bc3 Qe7 20. Bxf6 Qxf6 21.
Ne1 Qg5 22. Rd7 Rab8 23. Rcd1 Rfd8 24. Rxd8+ 1/2-1/2

[Event "DEM U10/U10w 2006"]
[Site "Willingen GER"]
[Date "2006.06.05"]
[Round "4"]
[White "Stolcz, Bianca"]
[Black "Peil, Christoph"]
[Result "0-1"]
[Termination "normal"]
[Board "16"]
[WhiteElo "1095"]
[BlackElo "1339"]
[PlyCount "128"]
[WhiteFideId "24654914"]
[BlackFideId "24651800"]
[EventCountry "GER"]
[EventRounds "11"]
[EventType "swiss"]
[EventDate "2006.06.03"]

1. e4 c5 2. Nc3 Nc6 3. Bc4 g6 4. f4 Bg7 5. Nf3 d6 6. O-O Nf6 7. d3 O-O 8. Qe1
Bd7 9. f5 Na5 10. fxg6 hxg6 11. Qh4 Nxc4 12. dxc4 Be6 13. Nd5 Bxd5 14. cxd5 Qd7
15. Bg5 b5 16. Bxf6 Bxf6 17. Ng5 Bxg5 18. Qxg5 Kg7 19. Rf3 Rh8 20. e5 dxe5 21.
Qxe5+ f6 22. Qe6 Qxe6 23. dxe6 Rh5 24. Re3 Rd8 25. Re2 Rhd5 26. Ree1 Rd2 27.
Rac1 a5 28. h3 f5 29. g4 Kf6 30. gxf5 gxf5 31. h4 Rg8+ 32. Kh1 Rgg2 33. Red1
Rxd1+ 34. Rxd1 Rxc2 35. Rg1 Rc4 36. h5 Rh4+ 37. Kg2 Rg4+ 38. Kf1 Rxg1+ 39. Kxg1
Kg5 40. Kf1 Kxh5 41. Ke1 f4 42. Kd2 Kg5 43. b3 Kf5 44. a4 bxa4 45. bxa4 Kxe6
46. Kd3 Ke5 47. Kc4 Ke4 48. Kxc5 f3 49. Kb5 f2 50. Kxa5 f1=Q 51. Kb6 Qa1 52. a5
Kd5 53. a6 e5 54. Kb7 e4 55. a7 Qxa7+ 56. Kxa7 e3 57. Ka6 e2 58. Kb5 e1=Q 59.
Kb6 Qc1 60. Kb7 Kd6 61. Kb8 Qc7+ 62. Ka8 Qd7 63. Kb8 Kc6 64. Ka8 Qb7# 0-1

[Event "DEM U10/U10w 2006"]
[Site "Willingen GER"]
[Date "2006.06.05"]
[Round "4"]
[White "Haferland, Konstantin"]
[Black "Spiegelberg, Silvia"]
[Result "1/2-1/2"]
[Termination "normal"]
[Board "17"]
[WhiteElo "1277"]
[BlackElo "1046"]
[PlyCount "66"]
[BlackFideId "24654450"]
[EventCountry "GER"]
[EventRounds "11"]
[EventType "swiss"]
[EventDate "2006.06.03"]

1. e4 e5 2. Nf3 Nc6 3. d4 exd4 4. Nxd4 Nf6 5. Nc3 Bb4 6. Bg5 h6 7. Bh4 g5 8.
Bg3 Nxe4 9. Qd3 Bxc3+ 10. bxc3 Qe7 11. Be2 Kd8 12. O-O Nxg3 13. fxg3 Re8 14.
Bf3 Qe3+ 15. Kh1 Qxd3 16. cxd3 Nxd4 17. cxd4 c6 18. d5 c5 19. Bh5 Re3 20. Rae1
Rxd3 21. Bxf7 d6 22. h3 Rb8 23. g4 Bd7 24. Rf6 c4 25. Rxd6 Kc7 26. Rxh6 c3 27.
Rc1 Ba4 28. d6+ Kd7 29. Be6+ Kd8 30. Rh8+ Be8 31. Bf7 Kd7 32. Bb3 Kxd6 33. Bc2
Re3 1/2-1/2

[Event "DEM U10/U10w 2006"]
[Site "Willingen GER"]
[Date "2006.06.05"]
[Round "4"]
[White "Mainik, Philipp"]
[Black "Steimbach, Isabel"]
[Result "1-0"]
[Termination "normal"]
[Board "18"]
[WhiteElo "1258"]
[BlackElo "975"]
[PlyCount "103"]
[WhiteFideId "4638646"]
[BlackFideId "24692174"]
[EventCountry "GER"]
[EventRounds "11"]
[EventType "swiss"]
[EventDate "2006.06.03"]

1. e4 e5 2. Nf3 Nc6 3. Bb5 a6 4. Ba4 Nf6 5. O-O Bc5 6. Nxe5 Nxe5 7. d4 Bd6 8.
dxe5 Bxe5 9. f4 Bd6 10. e5 Bc5+ 11. Kh1 Ne4 12. Qf3 Nf2+ 13. Rxf2 Bxf2 14. Qxf2
O-O 15. Nc3 b5 16. Bb3 c6 17. Be3 a5 18. a3 Re8 19. Bb6 Qe7 20. Bc5 Qd8 21. Ne4
h6 22. Nd6 Rf8 23. Nxc8 Qxc8 24. Bxf8 Qxf8 25. Rd1 a4 26. Ba2 Qe7 27. Qd4 c5
28. Qxd7 Qxd7 29. Rxd7 c4 30. Kg1 Kf8 31. Kf2 Ke8 32. Rd6 Ke7 33. Ke3 f6 34.
Kd4 g5 35. Rxf6 gxf4 36. Ke4 Rd8 37. Rd6 Rg8 38. Kf3 Rg5 39. Rd5 Ke6 40. Rxb5
Rh5 41. Bxc4+ Ke7 42. h3 Rg5 43. Kxf4 Rxg2 44. Bd3 Rh2 45. Kg3 Rh1 46. Rb7+ Ke6
47. Rb6+ Kxe5 48. Rxh6 Rb1 49. Rb6 Kd5 50. c4+ Kc5 51. Rb5+ Kd4 52. Bxb1 1-0

[Event "DEM U10/U10w 2006"]
[Site "Willingen GER"]
[Date "2006.06.05"]
[Round "4"]
[White "Moritz, Aron"]
[Black "Berger, Nadja"]
[Result "1-0"]
[Termination "normal"]
[Board "19"]
[WhiteElo "1237"]
[BlackElo "801"]
[PlyCount "91"]
[WhiteFideId "24672319"]
[BlackFideId "24692212"]
[EventCountry "GER"]
[EventRounds "11"]
[EventType "swiss"]
[EventDate "2006.06.03"]

1. e4 c5 2. Nf3 Nc6 3. d4 cxd4 4. Nxd4 Nf6 5. Nc3 e5 6. Nxc6 bxc6 7. Bg5 Bb4 8.
Qf3 Bxc3+ 9. Qxc3 d6 10. Qxc6+ Bd7 11. Qxd6 Qe7 12. Qxe7+ Kxe7 13. Bd3 Rhb8 14.
f4 Kd6 15. b3 Bc6 16. O-O Nxe4 17. fxe5+ Ke6 18. Bc4+ Bd5 19. Bxd5+ Kxd5 20.
Be3 Rb7 21. Rfd1+ Ke6 22. c4 f6 23. exf6 gxf6 24. Re1 Kf5 25. Rf1+ Kg6 26. Rf3
Rf8 27. h3 Re7 28. Kh2 Rfe8 29. Raf1 Re6 30. Bxa7 Nd2 31. Rg3+ Kf7 32. Rd1 Rd8
33. Kh1 Rd7 34. Be3 Red6 35. Rxd2 Rxd2 36. Bxd2 Rxd2 37. a4 Rb2 38. Re3 Kg6 39.
c5 Kf5 40. a5 Kf4 41. Rc3 Ra2 42. b4 Ra1+ 43. Kh2 Ke5 44. c6 Rb1 45. c7 Rxb4
46. c8=Q 1-0

[Event "DEM U10/U10w 2006"]
[Site "Willingen GER"]
[Date "2006.06.05"]
[Round "4"]
[White "Holle, Cedric"]
[Black "Engshuber, Maximilian"]
[Result "0-1"]
[Termination "normal"]
[Board "20"]
[WhiteElo "1049"]
[BlackElo "1228"]
[PlyCount "80"]
[WhiteFideId "24692158"]
[EventCountry "GER"]
[EventRounds "11"]
[EventType "swiss"]
[EventDate "2006.06.03"]

1. e4 e5 2. Nf3 Nc6 3. Bc4 Nf6 4. Ng5 d5 5. exd5 Na5 6. Bb5+ c6 7. dxc6 bxc6 8.
Be2 h6 9. Nf3 e4 10. Ne5 Bd6 11. d4 exd3 12. Nxd3 Qc7 13. O-O Bxh2+ 14. Kh1 Bd6
15. Re1 O-O 16. Nc3 Bb7 17. Bf3 Rad8 18. Bd2 Nc4 19. b3 Nxd2 20. Qxd2 Bb4 21.
a3 Bc5 22. Qe2 Rfe8 23. Qf1 Bd4 24. Rxe8+ Rxe8 25. Ne4 Nxe4 26. Re1 f5 27. Bh5
Re7 28. Bg6 Bxf2 29. Rxe4 fxe4 30. Nxf2 e3 31. Nd3 Qg3 32. Bf5 c5 33. Qe2 h5
34. Nxc5 Bd5 35. c4 Rf7 36. Bd3 Rf2 37. Bh7+ Kh8 38. Be4 Rxe2 39. Nd3 Bxe4 40.
c5 Qxg2# 0-1

[Event "DEM U10/U10w 2006"]
[Site "Willingen GER"]
[Date "2006.06.05"]
[Round "4"]
[White "Urban, Lars"]
[Black "Schnorr, Christian"]
[Result "1/2-1/2"]
[Termination "normal"]
[Board "22"]
[WhiteElo "1265"]
[BlackElo "1372"]
[PlyCount "57"]
[WhiteFideId "4644034"]
[EventCountry "GER"]
[EventRounds "11"]
[EventType "swiss"]
[EventDate "2006.06.03"]

1. c4 e6 2. d4 d5 3. Nc3 Nf6 4. Bg5 Be7 5. e3 O-O 6. Nf3 c6 7. cxd5 exd5 8. Bd3
Ne4 9. Bxe7 Qxe7 10. Qc2 Nf6 11. O-O Re8 12. h3 Na6 13. a3 Nc7 14. Rfe1 Be6 15.
e4 dxe4 16. Nxe4 Ncd5 17. Nxf6+ Nxf6 18. Ng5 g6 19. Nxe6 fxe6 20. Bc4 Nd5 21.
Qb3 Rad8 22. Re5 b5 23. Bxd5 Rxd5 24. Rae1 Rxe5 25. Rxe5 Qd7 26. Qc3 Rd8 27.
Re4 Qd5 28. f3 Rd6 29. Qa5 1/2-1/2